00458nam a2200181 a 4500001001300000003000900013005001700022008004100039020001000080082001600090100001800106245003600124260002900160300000900189500003500198505001900233650002400252nice12345678IN_TiNIC20260116012246.0050524s1958 lona grp 000 0 eng  ac10000a248.32bTER aTeresa, Saint aInterior Castle Or the Mansions aLondonbScm Press c1958 a127p aincludes index and biblioraphy2 aIndex of Names aPrayer-Christianity